000 00643nam a2200229Ia 4500
003 OSt
005 20221007071537.0
006 a|||||r|||| 00| 0
007 ta
008 221006b |||||||| |||| 00| 0 eng d
024 _a19,610
037 _cTextual
040 _aFLL
_cFLL
_beng
041 _2eng
_aeng
082 _aZ1,8, M5
100 _aThirlway H.W.A. Au.
_9688142
245 0 _aNon-appearance before the international court of justice
260 _aLondon
_bCambriidge university press England
_c1985
300 _a184p
_ccm.
942 _hZ1,8, M5
_cTEXL
_2CC
999 _c1143638
_d1143638